Best Practices In Sustainable Built Environments: Case Studies From India And Australia (Record no. 369644)

MARC details
000 -LEADER
fixed length control field 00526 a2200169 4500
005 - DATE AND TIME OF LATEST TRANSACTION
control field 20251231130342.0
008 - FIXED-LENGTH DATA ELEMENTS--GENERAL INFORMATION
fixed length control field 251231b |||||||| |||| 00| 0 eng d
020 ## - INTERNATIONAL STANDARD BOOK NUMBER
International Standard Book Number 9789819677177
082 ## - DEWEY DECIMAL CLASSIFICATION NUMBER
Classification number 720.4/SIV
100 ## - MAIN ENTRY--PERSONAL NAME
Author Siva J Ed.
245 ## - TITLE STATEMENT
Title Best Practices In Sustainable Built Environments: Case Studies From India And Australia
260 ## - PUBLICATION, DISTRIBUTION, ETC.
Name of publisher, distributor, etc. Springer
Date of publication, distribution, etc. 2025
Place of publication, distribution, etc. Singapore
300 ## - PHYSICAL DESCRIPTION
Extent 418p
Other physical details HB
500 ## - GENERAL NOTE
Keywords Sustainable Environment
700 ## - ADDED ENTRY--PERSONAL NAME
Personal name Vaughan J Ed.
-- Verma S Ed.
-- Kochhar P Ed.
942 ## - ADDED ENTRY ELEMENTS (KOHA)
Koha item type Reference book
Holdings
Withdrawn status Lost status Source of classification or shelving scheme Damaged status Not for loan Home library Current library Date acquired Vendor Net Price Total Checkouts Full call number Barcode Date last seen Actual Price Bill Date Koha item type
    Dewey Decimal Classification     Dr. Bhanuben Nanavati College of Architecture Dr. Bhanuben Nanavati College of Architecture 31/12/2025 213 14032.80   720.4/SIV BNCA-BK-13431 31/12/2025 21588.92 26/12/2025 Reference book